000 00774nam a2200253 a 4500
001 53266
003 BD-RjUL
005 20211209075932.0
008 161004s2006 ii ac b 001 0 eng d
020 _a8173194319
035 _a(BD-RjUL)53386
040 _aHUA
_cHUA
_dORE
_dBD-RjUL
_beng
041 _aeng
082 0 0 _a530.141
_223
_bGHE 2006
100 1 _aGhosh, S. N.
_9159214
245 1 0 _aElectromagnetic theory and wave propagation /
_cS.N. Ghosh.
250 _a2nd ed.
260 _aNew Delhi :
_bNarosa publishing House,
_c2002[Reprint 2006].
300 _axvi, 259 p. :
_bill. ;
_c25 cm.
504 _aIncludes bibliographical references and index.
650 0 _aElectromagnetic theory.
_9117647
650 0 _aElectromagnetic waves.
_9159215
942 _2ddc
_cBK
999 _c53266
_d53266